000 00311nam a2200133Ia 4500
005 20251222143246.0
008 251222s9999||||xx |||||||||||||| ||spa||
020 _a2890399710
082 _a262.13/A86
245 0 _aJean-Paul II au Canadá
250 _a1ra.ed.
264 _bÉditiones Paulines
942 _cLIB
999 _c14785
_d14785